000
00248nam a22000857a 4500
008
160705b xxu||||| |||| 00| 0 eng d
100
_9
2145
_a
Siddiqui, M.N., et al
245
_a
Teaching of Science at Elementary Level
260
_a
New Delhi
_b
Arya
_c
2005
999
_c
1838
_d
1838